000 00327nam a22001217a 4500
008 230620b xxu||||| |||| 00| 0 eng d
082 _a320.96
_bROS
100 _cW.McGregor Ross
245 _aKenya From Within
_bA short political History
260 _aLondon
_bGeorge Allen & Unwin LTD
_c1927
300 _a486p
942 _2ddc
_cBK
999 _c1712
_d1712